| 000 | 02653nam0a2200481 4500 | ||
|---|---|---|---|
| 001 | RU\NLR\BIBL_A\011955955 | ||
| 005 | 20250809113059.0 | ||
| 020 |
_aRU _9Ленинград в Великой Отечественной войне. Коллекция. Афиши |
||
| 035 | _a(NLR Aleph) 011955955 | ||
| 090 |
_a66271 _c66271 |
||
| 100 | _a20190311d1944 u y0rusy50 ca | ||
| 101 | 0 | _arus | |
| 102 | _aRU | ||
| 105 | _ay z 000zy | ||
| 135 | _acrcn 024anaba | ||
| 200 | 1 |
_aЗинаида Рикоми и Надежда Копелянская с 11 Сентября ежедневно _e(музыкальные миниатюры) _e[афиша] _fУправление по делам искусств Исполкома Ленгорсовета, Сад отдыха |
|
| 210 |
_a[Ленинград] _cЛТ УН-9 _d[1944] |
||
| 215 |
_a1 л. _d32x76 |
||
| 300 | _aЗак. 2183 | ||
| 325 | _aКопия доступна в Электрон. б-ке РНБ | ||
| 606 | 1 |
_aТеатральная жизнь _yЛенинград, город _z1941 - 1944 _jАфиши _2nlr_sh2 _3RU\NLR\AUTH\6601649837 |
|
| 686 | _aЩ333(2Р=Рус)7- 692Ленинград | ||
| 702 | 1 |
_aРикоми _bЗ. В. _cактриса _f1902-1984 _gЗинаида Викторовна _3RU\NLR\AUTH\770201960 _4005 |
|
| 702 | 1 |
_aКопелянская _cартистка, певица _f1902-1973 _gНадежда Абрамовна _3RU\NLR\AUTH\770202181 _4005 |
|
| 711 | 0 | 2 |
_aСад отдыха _bЗакрытый летний театр _cЛенинград _3RU\NLR\AUTH\880495861 |
| 712 | 0 | 2 |
_aЛенинградское городское управление по делам искусств _3RU\NLR\AUTH\889975365 _4570 |
| 852 |
_aNLR _jЛ3-330а/23-1/1/1944-сент.(4) |
||
| 856 | 0 | _uhttp://vivaldi.nlr.ru/ll000010647/view | |
| 856 | 1 | _uhttp://vivaldi.nlr.ru/ll000010647/cover | |
| 856 | 2 | _uhttp://vivaldi.nlr.ru/ll000010647/text | |
| 942 | _cVISUAL | ||
| 945 | _aРоссийская национальная библиотека | ||
| 980 | _aNB | ||
| 980 | _aBV | ||
| 980 | 3 | _akplen | |
| 980 | 3 | _akp | |
| 981 | 3 | 7 |
_a(37) Ленинград в Великой Отечественной войне _b(37) Афиши блокадного Ленинграда |